History Quiz

Random History or Clickable Quiz

Country by Female Historical Figures Quiz Stats

 Plays Quiz Updated Sep 21, 2014

Also try: Female Firsts
Challenge
Share
Tweet
Embed
Score 0/19 Timer 05:00
15 Plays Today
% Correct
United Kingdom
97.2%
India
96.9%
France
96.5%
Japan
96.1%
Russia
95%
China
94.4%
Germany
94.1%
Spain
92.7%
Egypt
92.7%
United States
86.4%
% Correct
Argentina
84.2%
Italy
83.3%
Canada
79.1%
Mexico
78.6%
Greece
75.5%
Philippines
67.4%
Turkey
63.7%
Brazil
59.4%
Chile
53.4%

You're not logged in!

Compare scores with friends on all Sporcle quizzes.
OR
Log In

You Might Also Like...

Show Comments

Extras

Top Quizzes Today


Score Distribution

Your Account Isn't Verified!

In order to create a playlist on Sporcle, you need to verify the email address you used during registration. Go to your Sporcle Settings to finish the process.

Report this User

Report this user for behavior that violates our Community Guidelines.

Details: